00593nam a2200145Ia 4500008004100000024004100041082002100082100005500103245007500158260002500233600002700258650003300285952011200318999001700430250506s9999 xx 000 0 und d a07A-89-EE, 07A-75-EE & 07A-71-EE a621.38456072 MUH aMuhammad Hammad Khan, Asad Imam & Shahnawaz Masood 0aDischarging of Oil Using Marine Loading Arm VIA Wireless Communication aKarachi:bUIT,c2007 aElectronic Engineering aBachelor of Engineering (BE) 001040708PR-EEaUITUbUITUd2022-07-26l0o621.38456072 MUHpEE-149r2025-05-06 11:34:12w2025-05-06yPR c27899d27899